000 00680nam a2200217Ia 4500
008 191130s1997##################000#0#eng##
020 _a9783110155099
022 _a96053595
040 _aACL
_cACL
082 _a306.449 CLY
245 _aUndoing and redoing corpus planning
_cedited by Michael Clyne
260 _aBerlin ; New York
_bMouton de Gruyter
_c1997
300 _aviii, 520 p. : map ; 24 cm
500 _aIncludes bibliographical references and indexes
650 _aLanguage and languages - Political aspects
650 _aLanguage planning
700 _aClyne, Michael G
990 _a71e140cbac10000c59a53c82cfe84a79
991 _a187053
999 _c86129
_d86129